[Event "Tournoi francophone 018C"]
[Site "Skype"]
[Date "????.??.??"]
[Round "8.1"]
[White "Vasquez Cienfuegos, Oscar"]
[Black "Rochette, Mathieu"]
[Result "0-1"]
[WhiteElo "1490"]
[BlackElo "1400"]
[PlyCount "88"]

1. c4 Nf6 2. g3 e5 3. Nc3 d5 4. cxd5 Nxd5 5. Bg2 c6 6. e3 Be6 7. Nge2 Be7 8. b3
O-O 9. O-O Qd7 10. Bb2 Rd8 11. Ne4 Qc7 12. d4 Nd7 13. Rc1 exd4 14. Nxd4 Nf8 15.
Nxe6 Nxe6 16. Qe2 Nb4 17. Ra1 Nd3 18. Bc3 Nec5 19. Nxc5 Bxc5 20. b4 Nxb4 21. a3
Nd3 22. Rfd1 Ne5 23. Be4 Qe7 24. Bxh7+ Kxh7 25. Qh5+ Kg8 26. Qxe5 Qxe5 27. Bxe5
Rxd1+ 28. Rxd1 Bxa3 29. h4 Kf8 30. Kg2 f6 31. Bd4 Ke7 32. f4 Ke6 33. e4 Rd8 34.
f5+ Kf7 35. Ra1 Rxd4 36. Rxa3 a6 37. Kf3 c5 38. Ke3 Rd6 39. g4 b5 40. g5 b4 41.
Ra5 b3 42. g6+ Ke7 43. e5 fxe5 44. Rxc5 b2 0-1

[Event "Tournoi francophone 018C"]
[Site "Skype"]
[Date "????.??.??"]
[Round "8.2"]
[White "Salvi, Angele"]
[Black "Fouques Duparc, Paulin"]
[Result "1-0"]
[WhiteElo "1175"]
[BlackElo "1197"]
[PlyCount "23"]

1. e4 Nf6 2. Nc3 e5 3. Nf3 Nc6 4. d4 exd4 5. Nxd4 Nxd4 6. Qxd4 c5 7. Qe5+ Qe7
8. Qf4 b6 9. f3 Bb7 10. Bd3 Qe6 11. Nb5 d6 12. Nc7+ 1-0

[Event "Tournoi francophone 018C"]
[Site "Skype"]
[Date "????.??.??"]
[Round "8.2"]
[White "Castellanos Gonzalez, Mariano"]
[Black "Garcia De La Calva, Juan Ramon"]
[Result "1/2-1/2"]
[WhiteElo "1450"]
[BlackElo "1300"]
[PlyCount "138"]

1. d4 Nf6 2. e3 g6 3. Bd3 Bg7 4. Nf3 d6 5. O-O O-O 6. Nbd2 Bg4 7. h3 Bxf3 8.
Nxf3 Nbd7 9. e4 e5 10. c3 Re8 11. Re1 c5 12. Bc4 Qc7 13. Ng5 Re7 14. d5 a6 15.
a4 Nb6 16. Bb3 Rc8 17. a5 Nbd7 18. c4 Nb8 19. Bd2 h6 20. Nf3 Rf8 21. g4 Nh7 22.
g5 h5 23. Nh4 Qc8 24. Qf3 Qe8 25. Qg2 f5 26. gxf6 Rxf6 27. Nf3 Ref7 28. Bd1 Qf8
29. Ra3 Bh6 30. Rf1 Bf4 31. Bxf4 Rxf4 32. Re3 Nd7 33. Kh2 Qh6 34. h4 Ndf6 35.
Ng5 Ng4+ 36. Bxg4 Rxg4 37. Rg3 Rxh4+ 38. Nh3 g5 39. Kg1 Rg7 40. f3 g4 41. Nf2
gxf3 42. Qxf3 Rxg3+ 43. Qxg3+ Qg7 44. Qxg7+ Kxg7 45. Kg2 Rf4 46. Rh1 Nf6 47.
Kg3 Kg6 48. Rh4 Rxh4 49. Kxh4 Nh7 50. Nh1 Nf6 51. Ng3 Kh6 52. Nf5+ Kg6 53. Nxd6
Kg7 54. Nxb7 Nxe4 55. d6 Nf6 56. Nxc5 Kf7 57. d7 Ke7 58. Nxa6 e4 59. Nc5 e3 60.
d8=Q+ Kxd8 61. Nd3 Kc7 62. b4 Nd7 63. Kxh5 Kb7 64. Kg4 e2 65. Kf3 Ne5+ 66. Kxe2
Nxc4 67. Kd1 Ka6 68. Kc2 Nxa5 69. Kc3 Nc6 1/2-1/2

[Event "Tournoi francophone 018C"]
[Site "Skype"]
[Date "????.??.??"]
[Round "8.5"]
[White "Le Brun, Yves"]
[Black "Roman, Sylvian"]
[Result "0-1"]
[WhiteElo "1321"]
[BlackElo "1272"]
[PlyCount "50"]

1. d4 Nf6 2. Nf3 d5 3. Bf4 e6 4. e3 Bd6 5. Bg3 O-O 6. Ne5 c5 7. c3 c4 8. Nd2 b5
9. Be2 Bb7 10. Ndf3 Nc6 11. Bh4 Be7 12. Nxc6 Bxc6 13. Ne5 Bb7 14. f4 Ne4 15.
Bxe7 Qxe7 16. g3 f6 17. Ng4 h5 18. Nf2 Nxf2 19. Kxf2 g6 20. Qg1 e5 21. g4 h4
22. h3 g5 23. Rf1 exf4 24. exf4 Rae8 25. Re1 Kf7 0-1

[Event "Tournoi francophone 018C"]
[Site "Skype"]
[Date "????.??.??"]
[Round "9.2"]
[White "Rochette, Mathieu"]
[Black "Le Brun, Yves"]
[Result "0-1"]
[WhiteElo "1400"]
[BlackElo "1321"]
[PlyCount "93"]

1. e4 e6 2. d4 d5 3. e5 b6 4. Nf3 Qd7 5. Bd3 Ba6 6. Bxa6 Nxa6 7. O-O Ne7 8. c3
Nb8 9. Be3 Nbc6 10. Nbd2 Nf5 11. Re1 Be7 12. Nf1 h5 13. Bf4 h4 14. h3 O-O-O 15.
Ne3 Rdg8 16. Nxf5 exf5 17. Ng5 Bxg5 18. Bxg5 Nd8 19. Qf3 g6 20. Bf6 Rh5 21. c4
c6 22. Rac1 Kb7 23. b4 Ne6 24. Red1 Ng5 25. Bxg5 Rxg5 26. b5 Rd8 27. bxc6+ Qxc6
28. Qf4 Rh5 29. cxd5 Qxd5 30. e6 Qd6 31. Qxd6 Rxd6 32. exf7 Rf6 33. d5 Rxf7 34.
Rc6 Rg5 35. Rdc1 f4 36. d6 Rd5 37. Rc7+ Rxc7 38. Rxc7+ Kb8 39. Rd7 Rc5 40. Rd8+
Rc8 41. Rxc8+ Kxc8 42. Kf1 Kd7 43. Ke2 Kxd6 44. Kf3 b5 45. Kxf4 b4 46. Kg5 a5
47. Kxg6 0-1

[Event "Tournoi francophone 018C"]
[Site "Skype"]
[Date "????.??.??"]
[Round "9.3"]
[White "Roman, Sylvian"]
[Black "Castellanos Gonzalez, Mariano"]
[Result "0-1"]
[WhiteElo "1272"]
[BlackElo "1450"]
[PlyCount "112"]

1. d4 Nf6 2. Bf4 g6 3. e3 Bg7 4. Bd3 d6 5. Nf3 O-O 6. c3 Re8 7. O-O Nbd7 8. e4
e5 9. Bg3 exd4 10. cxd4 Nxe4 11. Bxe4 Rxe4 12. Re1 Nf6 13. Nc3 Rxe1+ 14. Qxe1
Nh5 15. Bh4 Qd7 16. Nd5 c6 17. Ne7+ Kf8 18. Nxc8 Rxc8 19. Qe7+ Qxe7 20. Bxe7+
Kg8 21. Bxd6 Rd8 22. Be5 Nf6 23. Re1 Nd5 24. Bxg7 Kxg7 25. a3 f6 26. g3 a5 27.
Nd2 a4 28. Nc4 Kf7 29. f4 b5 30. Na5 Ne7 31. Rxe7+ Kxe7 32. Nxc6+ Kd7 33. Nxd8
Kxd8 34. Kf2 Kd7 35. Ke3 f5 36. d5 h6 37. Kd4 Kd6 38. h3 g5 39. h4 gxh4 40.
gxh4 h5 41. Ke3 Kxd5 42. Kd3 Kc5 43. Kc3 Kc6 44. Kd4 Kd6 45. Ke3 Kc5 46. Kd3
Kd5 47. Ke3 Kc4 48. Kd2 Kd4 49. Kc2 Ke4 50. Kc3 Kxf4 51. Kb4 Ke4 52. Kxb5 f4
53. Kxa4 f3 54. b4 f2 55. b5 f1=Q 56. b6 Qa6+ 0-1

[Event "Tournoi francophone 018C"]
[Site "Skype"]
[Date "????.??.??"]
[Round "9.4"]
[White "Fouques Duparc, Paulin"]
[Black "Guillaume, Mickael"]
[Result "1/2-1/2"]
[WhiteElo "1197"]
[BlackElo "1106"]
[PlyCount "83"]

1. e4 e5 2. f4 d5 3. exd5 Qxd5 4. Nc3 Qa5 5. Nf3 Bd6 6. fxe5 Bxe5 7. Qe2 Nd7 8.
d4 f6 9. dxe5 fxe5 10. Bd2 c6 11. O-O-O Ngf6 12. Kb1 Qc7 13. Bg5 O-O 14. Qc4+
Kh8 15. Bxf6 Nxf6 16. h4 Bg4 17. Be2 Rae8 18. Ne4 b5 19. Qd3 Bf5 20. Qd6 Qb6
21. Nxf6 Rxf6 22. Qd2 e4 23. Ng5 h6 24. Nh3 e3 25. Qc1 c5 26. g4 Be4 27. Rhf1
c4 28. g5 Rd6 29. gxh6 Rxh6 30. Rf4 a5 31. Ng5 Bg6 32. Nf7+ Bxf7 33. Rxf7 Rxh4
34. Rh1 Qh6 35. Rxh4 Qxh4 36. Qf1 Kg8 37. Rf4 Qe7 38. Qh1 Qg5 39. Rh4 Kf7 40.
Qf1+ Ke7 41. Rf4 Qg6 42. Qf3 1/2-1/2